[Event "ARG-chT8 fin email"]
[Site "LADAC email"]
[Date "2006.01.08"]
[Round "?"]
[White "Rebord, Nicolas"]
[Black "Brun, Jorge Humberto"]
[Result "1-0"]
[WhiteElo "2190"]
[BlackElo "2242"]
[PlyCount "53"]
[EventDate "2006.01.01"]
[EventType "tourn (corr)"]
[EventRounds "11"]
[EventCountry "ARG"]
[SourceTitle "Corr 2011"]
[Source "ChessBase"]
[SourceDate "2010.08.31"]
[SourceVersion "1"]
[SourceVersionDate "2010.08.31"]
[SourceQuality "1"]

1. e4 d6 2. d4 f5 3. Nc3 Nf6 4. Bd3 Nc6 5. Nf3 fxe4 6. Nxe4 Bg4 7. h3 Bh5 8. Ng3 Bf7 9. Ng5 e6 10. Nxf7 Kxf7 11. c3 Be7 12. Ne4 Nxe4 13. Bxe4 d5 14. Bc2 Bf6 15. Qf3 Ne7 16. g4 h6 17. h4 Ng6 18. g5 hxg5 19. hxg5 Nh4 20. Rxh4 Rxh4 21. gxf6 gxf6 22. Bg5 Rh8 23. 0-0-0 Kg7 24. Qd3 fxg5 25. Qg6+ Kf8 26. Re1 a5 27. Bd3 1-0